000 00704cam a22002173a 4500
001 45273
003 PGUSA
005 20140828084035.0
008 140331s2014||||xxu|||||s|||||000 | eng d
040 _aPGUSA
_beng
042 _adc
100 1 _aHodges, Elizabeth
245 1 4 _aThe Cabots and the Discovery of America :
_bWith a Brief Description and History of Brandon Hill, The Site of the Cabot Memorial Tower
_h[electronic resource] /
_cElizabeth Hodges
260 _bProject Gutenberg,
_c2014
506 _aPublic domain in the USA.
516 _aElectronic text
700 1 _aLoxton, S.
830 0 _aProject Gutenberg
_v45273
856 4 0 _uhttp://www.gutenberg.org/ebooks/45273
942 _cEB
999 _c274524
_d274524